|
|
|
|
| LEADER |
00000naa2a2200000 4500 |
| 001 |
632366 |
| 005 |
20240119154232.0 |
| 035 |
|
|
|a (RuTPU)RU\TPU\conf\34074
|
| 035 |
|
|
|a RU\TPU\conf\34073
|
| 090 |
|
|
|a 632366
|
| 100 |
|
|
|a 20201119d2020 k y0rusy50 ca
|
| 101 |
0 |
|
|a rus
|
| 102 |
|
|
|a RU
|
| 105 |
|
|
|a y z 101zy
|
| 135 |
|
|
|a drcn ---uucaa
|
| 181 |
|
0 |
|a i
|
| 182 |
|
0 |
|a b
|
| 200 |
1 |
|
|a Плазмохимическая переработка иловых отложений бассейнов-хранилищ жидких радиоактивных отходов
|f Л. А. Шестакова
|g науч. рук. А. Г. Каренгин
|
| 203 |
|
|
|a Текст
|c электронный
|
| 225 |
1 |
|
|a Плазменные техника и технологии в ядерно-топливном цикле
|
| 300 |
|
|
|a Заглавие с титульного экрана
|
| 320 |
|
|
|a [Библиогр.: с. 49 (3 назв.)]
|
| 463 |
|
0 |
|0 (RuTPU)RU\TPU\conf\34043
|t Изотопы: технологии, материалы и применение
|o сборник тезисов докладов VI Международной научной конференции молодых ученых, аспирантов и студентов, г. Томск, 26-29 октября 2020 г.
|f Национальный исследовательский Томский политехнический университет (ТПУ)
|v [С. 48-49]
|d 2020
|
| 610 |
1 |
|
|a электронный ресурс
|
| 610 |
1 |
|
|a труды учёных ТПУ
|
| 610 |
1 |
|
|a плазмохимическая переработка
|
| 610 |
1 |
|
|a иловые отложения
|
| 610 |
1 |
|
|a хранилища
|
| 610 |
1 |
|
|a жидкие радиоактивные отходы
|
| 700 |
|
1 |
|a Шестакова
|b Л. А.
|
| 702 |
|
1 |
|a Каренгин
|b А. Г.
|c физик
|c доцент Томского политехнического университета, кандидат физико-математических наук
|f 1950-
|g Александр Григорьевич
|4 727
|
| 712 |
0 |
2 |
|a Национальный исследовательский Томский политехнический университет
|b Инженерная школа ядерных технологий
|b Отделение ядерно-топливного цикла
|3 (RuTPU)RU\TPU\col\23554
|
| 801 |
|
2 |
|a RU
|b 63413507
|c 20201209
|g RCR
|
| 856 |
4 |
|
|u http://earchive.tpu.ru/handle/11683/63944
|
| 942 |
|
|
|c BK
|